Lawrence of Arabia (Registro nro. 22378)

Detalles MARC
000 -LEADER
campo de control de longitud fija 00493nam a2200169 i 4500
001 - NÚMERO DE CONTROL
campo de control 22378
003 - IDENTIFICADOR DE NÚMERO DE CONTROL
campo de control ES-MaACL
005 - FECHA Y HORA DE LA ÚLTIMA TRANSACCIÓN
campo de control 20230906152702.0
007 - CAMPO FIJO DE DESCRIPCIÓN FÍSICA--INFORMACIÓN GENERAL
campo de control de longitud fija t|
008 - DATOS DE LONGITUD FIJA--INFORMACIÓN GENERAL
campo de control de longitud fija 021202s1955 xxk ||||1| eng d
100 1# - ENTRADA PRINCIPAL--NOMBRE DE PERSONA
Nombre de persona Aldington, Richard.
9 (RLIN) 19643
245 10 - MENCIÓN DEL TÍTULO
Título Lawrence of Arabia
Resto del título : a biographical enquiry /
Mención de responsabilidad, etc. by Richard Aldington.
260 ## - PUBLICACIÓN, DISTRIBUCIÓN, ETC.
Lugar de publicación, distribución, etc. London :
Nombre del editor, distribuidor, etc. Collins,
Fecha de publicación, distribución, etc. 1955.
300 ## - DESCRIPCIÓN FÍSICA
Extensión 448 p., 10 lám. ;
Dimensiones 22 cm.
600 14 - PUNTO DE ACCESO ADICIONAL DE MATERIA--NOMBRE DE PERSONA
Nombre de persona Lawrence, T. E.
9 (RLIN) 143370
852 ## - LOCALIZACIÓN
Ubicación ES-MaACL
Número de control de estantería E-7303
Sublocalización o colección R.91919
Existencias
Estatus retirado Estado de pérdida Estado de daño No para préstamo Biblioteca de origen Biblioteca actual Ubicación en estantería Fecha de adquisición Fuente de adquisición Total de préstamos Signatura topográfica completa Código de barras Visto por última vez Precio de reemplazo Tipo de ítem Koha
        Biblioteca del Ateneo de Madrid Biblioteca del Ateneo de Madrid Depósito 2 17/01/2008     E-7303 1023036 23/02/2023 23/02/2023 Libro impreso